| 000 | 00562cam a2200193 4500 | ||
|---|---|---|---|
| 008 | 020527n2003 000 0 eng u | ||
| 020 | _a1900858932 | ||
| 035 | _a(Sirsi) u122248 | ||
| 041 | _aeng. | ||
| 050 | _a690.24 | ||
| 110 |
_aBuilding Maintenance Information _93229 |
||
| 245 | _aReview of occupancy costs 2003 | ||
| 260 |
_aLondon _bBuilding Maintenance Information _c2003 |
||
| 300 |
_a87p. _c30cm. |
||
| 490 |
_aBMI Special Report _v322 |
||
| 650 | _aOCCUPANCY COSTS | ||
| 690 | _aBUILDING AND CONSTRUCTION-REPAIRS AND MAINTENANCE | ||
| 942 | _n0 | ||
| 999 |
_c102800 _d102800 |
||